[Event "DEM U10"]
[Site "Willingen"]
[Date "2006.06.04"]
[Round "2.27"]
[White "Helle, Samuel"]
[Black "Puffay, Jana"]
[Result "1/2-1/2"]
[WhiteElo "1358"]
[BlackElo "733"]
[PlyCount "84"]
[EventDate "2006.??.??"]
[EventType "swiss"]
[EventRounds "11"]
[EventCountry "GER"]

1. e4 e5 2. Nf3 Nc6 3. c3 Nf6 4. d4 d6 5. Bb5 Bd7 6. Bg5 Be7 7. d5 Nb8 8. Bd3
O-O 9. O-O a6 10. c4 b5 11. b3 c6 12. a3 Ng4 13. Bxe7 Qxe7 14. h3 Nf6 15. Nc3
cxd5 16. cxd5 Rc8 17. Rc1 a5 18. Re1 b4 19. axb4 axb4 20. Nb5 Rxc1 21. Qxc1
Bxb5 22. Bxb5 h6 23. Qd2 Qb7 24. Qxb4 Qb6 25. Qc4 Ra2 26. Re2 Ra1+ 27. Re1
Rxe1+ 28. Nxe1 Qa5 29. Nc2 Qd2 30. Qc8+ Kh7 31. Qxb8 Qxc2 32. Qxd6 Nxe4 33. Qb6
Qd1+ 34. Bf1 Nd2 35. d6 Qxf1+ 36. Kh2 Qd3 37. Qc7 Nf1+ 38. Kg1 Qd1 39. d7 Ng3+
40. Kh2 Nf1+ 41. Kg1 Ng3+ 42. Kh2 Nf1+ 1/2-1/2

[Event "DEM U10"]
[Site "Willingen"]
[Date "2006.06.04"]
[Round "2.28"]
[White "Winterholler, Christina"]
[Black "Pannier, Lukas"]
[Result "1-0"]
[WhiteElo "1332"]
[BlackElo "994"]
[PlyCount "39"]
[EventDate "2006.??.??"]
[EventType "swiss"]
[EventRounds "11"]
[EventCountry "GER"]

1. e4 e5 2. Nf3 Nc6 3. Bc4 Nf6 4. d4 exd4 5. Ng5 d5 6. exd5 Na5 7. Qxd4 Nxc4 8.
Qxc4 Nxd5 9. O-O Be7 10. Re1 c6 11. Nc3 O-O 12. Nge4 Nxc3 13. Qxc3 f5 14. Ng3
f4 15. Qc4+ Kh8 16. Bxf4 Bd7 17. Rad1 Qc8 18. Rxe7 b5 19. Qd4 Bf5 20. Qxg7# 1-0

[Event "DEM U10"]
[Site "Willingen"]
[Date "2006.06.04"]
[Round "2.29"]
[White "Haryanto, Selina"]
[Black "Hümmecke, Aaron"]
[Result "1-0"]
[WhiteElo "979"]
[BlackElo "1260"]
[PlyCount "77"]
[EventDate "2006.??.??"]
[EventType "swiss"]
[EventRounds "11"]
[EventCountry "GER"]

1. e4 e5 2. Nf3 Nc6 3. Bc4 Nf6 4. Ng5 d5 5. exd5 Nd4 6. Nc3 Bf5 7. d3 Bb4 8.
O-O O-O 9. Re1 b5 10. a3 Bxc3 11. bxc3 Nxc2 12. Qxc2 bxc4 13. Rxe5 Bxd3 14. Qd1
Nxd5 15. Re1 Nxc3 16. Qg4 Re8 17. Bb2 Na4 18. Ne6 g6 19. Nxd8 Rexd8 20. Be5 c6
21. Qh4 Re8 22. Qf6 Kf8 23. Qg7+ Ke7 24. Bc7+ Kd7 25. Qxf7+ Kc8 26. Rxe8+ Kb7
27. Bd6+ Ka6 28. Rxa8 Kb5 29. Qb7+ Nb6 30. Rxa7 c3 31. a4+ Kc4 32. Qxc6+ Kb3
33. Qxb6+ Bb5 34. Qxb5+ Kc2 35. Qb1+ Kd2 36. Bf4+ Ke2 37. Ra2+ c2 38. Qxc2+ Ke1
39. Ra1# 1-0

[Event "DEM U10"]
[Site "Willingen"]
[Date "2006.06.04"]
[Round "2.30"]
[White "Müller, Alexandra"]
[Black "Imgrunt, Philipp"]
[Result "1/2-1/2"]
[WhiteElo "1149"]
[BlackElo "982"]
[PlyCount "110"]
[EventDate "2006.??.??"]
[EventType "swiss"]
[EventRounds "11"]
[EventCountry "GER"]

1. e4 e5 2. Nf3 Nc6 3. Bc4 Nf6 4. Ng5 d5 5. exd5 Na5 6. d3 h6 7. Nf3 e4 8. dxe4
Nxc4 9. Nc3 Bb4 10. a3 Bxc3+ 11. bxc3 Nxe4 12. Qd4 Ncd6 13. c4 O-O 14. O-O b6
15. Re1 Re8 16. Bf4 c5 17. dxc6 Rf8 18. Bxd6 Nxd6 19. Rad1 Be6 20. Qxd6 Qxd6
21. Rxd6 Rac8 22. Nd2 Rfe8 23. h3 Red8 24. Rxd8+ Rxd8 25. Re2 Rc8 26. Re4 Rxc6
27. Rd4 a6 28. Kf1 b5 29. cxb5 axb5 30. a4 bxa4 31. Rxa4 Rxc2 32. Rd4 Kh7 33.
Ke1 Bc8 34. Kd1 Rc6 35. Rc4 Rxc4 36. Nxc4 Bb7 37. g3 Bf3+ 38. Kd2 Bg2 39. h4 g5
40. hxg5 hxg5 41. Ke3 f6 42. Nd2 Kg6 43. f3 g4 44. Kf2 Bh1 45. Ke3 Kh5 46. Kf4
gxf3 47. Nxf3 Bxf3 48. Kxf3 Kg5 49. g4 Kh6 50. Kf4 Kg6 51. Kg3 Kg5 52. Kf3 Kg6
53. Kf4 Kg7 54. Kf5 Kf7 55. g5 fxg5 1/2-1/2

[Event "DEM U10"]
[Site "Willingen"]
[Date "2006.06.04"]
[Round "2.31"]
[White "Räcke, Geesche"]
[Black "Toker, David"]
[Result "0-1"]
[WhiteElo "970"]
[BlackElo "1118"]
[PlyCount "54"]
[EventDate "2006.??.??"]
[EventType "swiss"]
[EventRounds "11"]
[EventCountry "GER"]

1. e4 c6 2. Nc3 d5 3. d3 dxe4 4. Nxe4 Nd7 5. Bf4 Ngf6 6. Nxf6+ Nxf6 7. Qd2 g6
8. O-O-O Bg7 9. g3 O-O 10. Nf3 Be6 11. Kb1 a5 12. Bg2 b5 13. Ne5 Nd5 14. Nxc6
Qd7 15. Nxa5 Qa7 16. a3 Qxa5 17. c4 Qxd2 18. Bxd2 bxc4 19. dxc4 Nb6 20. Bxa8
Rxa8 21. c5 Nc4 22. Bb4 Nxb2 23. Rd2 Nc4 24. Rc2 Nxa3+ 25. Bxa3 Rxa3 26. c6 Bf5
27. c7 Ra1# 0-1

[Event "DEM U10"]
[Site "Willingen"]
[Date "2006.06.04"]
[Round "2.32"]
[White "Manusina, Nicole"]
[Black "Schumacher, Wendy"]
[Result "1-0"]
[WhiteElo "1110"]
[BlackElo "880"]
[PlyCount "53"]
[EventDate "2006.??.??"]
[EventType "swiss"]
[EventRounds "11"]
[EventCountry "GER"]

1. d4 c6 2. e4 d5 3. Nc3 dxe4 4. Nxe4 Nf6 5. f3 Be6 6. Bf4 Nbd7 7. Bd3 b6 8.
Qd2 h6 9. h4 g6 10. Ne2 Bg7 11. Qc3 Qc7 12. Bxc7 Nb8 13. Bxb8 Rxb8 14. Qxc6+
Bd7 15. Nxf6+ Bxf6 16. Qe4 O-O 17. O-O-O Bf5 18. Qf4 Rfd8 19. Bxf5 gxf5 20.
Qxf5 Kh8 21. g4 Bg7 22. g5 f6 23. gxh6 Bxh6+ 24. Kb1 Re8 25. Qg6 Bg7 26. Rdg1
Rg8 27. Qh5+ 1-0

[Event "DEM U10"]
[Site "Willingen"]
[Date "2006.06.04"]
[Round "2.33"]
[White "Geise, Maria"]
[Black "Nelson, Philip"]
[Result "1-0"]
[WhiteElo "942"]
[BlackElo "1103"]
[PlyCount "98"]
[EventDate "2006.??.??"]
[EventType "swiss"]
[EventRounds "11"]
[EventCountry "GER"]

1. e4 e6 2. d4 d5 3. exd5 exd5 4. Bd3 c5 5. c3 Nc6 6. Nf3 Bg4 7. dxc5 Bxc5 8.
Bf4 Nf6 9. Nbd2 O-O 10. O-O Qb6 11. Qc2 Rfe8 12. Bg5 h6 13. Bxf6 gxf6 14. b4
Bf8 15. Qb3 Rad8 16. Bb1 Bh5 17. Qc2 Bg6 18. Qb2 Bxb1 19. Qxb1 Bg7 20. Qf5 Ne7
21. Qg4 Qe6 22. Qh5 Rc8 23. Rfe1 Qd6 24. Rac1 Qa6 25. Nh4 Qxa2 26. Ndf3 Qc4 27.
Nf5 Nxf5 28. Qxf5 Rxe1+ 29. Rxe1 Qxc3 30. Rd1 Qc1 31. Re1 Qc7 32. Qxd5 Qc6 33.
Qe4 Qxe4 34. Rxe4 Rc1+ 35. Re1 Rxe1+ 36. Nxe1 Bf8 37. f4 Bxb4 38. Nd3 a5 39.
Nb2 b5 40. Kf2 Kf8 41. Ke3 Ke7 42. Kd4 Kd6 43. g4 a4 44. Nxa4 bxa4 45. Kc4 a3
46. Kb3 Kd5 47. h3 Ke4 48. f5 Kf3 49. Ka2 Kg3 1-0

[Event "DEM U10"]
[Site "Willingen"]
[Date "2006.06.04"]
[Round "2.34"]
[White "Stolcz, Bianca"]
[Black "Kuckling, Hannah"]
[Result "1-0"]
[WhiteElo "1095"]
[BlackElo "876"]
[PlyCount "87"]
[EventDate "2006.??.??"]
[EventType "swiss"]
[EventRounds "11"]
[EventCountry "GER"]

1. e4 c5 2. Nf3 d6 3. Bc4 Nc6 4. d4 cxd4 5. c3 dxc3 6. Nxc3 Nf6 7. Qb3 e6 8.
O-O Be7 9. Rd1 Na5 10. Bb5+ Bd7 11. Bxd7+ Qxd7 12. Qc2 O-O 13. e5 Ng4 14. h3
Nh6 15. Bxh6 gxh6 16. exd6 Bf6 17. Qd2 Kg7 18. Ne4 Nc4 19. Qf4 Bxb2 20. Qg4+
Kh8 21. Rab1 Ba3 22. Nf6 Qd8 23. Qd4 Nxd6 24. Ne4+ Kg8 25. Nxd6 Bxd6 26. Qxd6
Qf6 27. Qe5 Qe7 28. Rd4 f6 29. Rg4+ Kh8 30. Qe3 Rg8 31. Qxh6 f5 32. Rh4 Rg6 33.
Qf4 Rag8 34. Qe5+ R8g7 35. g3 Qa3 36. Rd1 h6 37. Nd4 Qxa2 38. Nxe6 Rxe6 39.
Rd8+ Kh7 40. Qxf5+ Rgg6 41. Qf7+ Rg7 42. Rxh6+ Kxh6 43. Rh8+ Kg5 44. f4# 1-0

[Event "DEM U10"]
[Site "Willingen"]
[Date "2006.06.04"]
[Round "2.35"]
[White "Püschel, Torben"]
[Black "Bonk, Andras"]
[Result "0-1"]
[WhiteElo "937"]
[BlackElo "1084"]
[PlyCount "34"]
[EventDate "2006.??.??"]
[EventType "swiss"]
[EventRounds "11"]
[EventCountry "GER"]

1. d4 d5 2. c4 c6 3. Nf3 Bf5 4. b3 Nf6 5. Bg5 Nbd7 6. Nc3 Qa5 7. Rc1 Ne4 8. Qd3
e6 9. Qe3 Bb4 10. Kd1 Nxc3+ 11. Rxc3 Bxc3 12. g3 Bb2 13. Ne5 Qxa2 14. Nxd7 Qb1+
15. Qc1 Bc2+ 16. Ke1 Bxc1 17. Be3 Bxe3# 0-1

[Event "DEM U10"]
[Site "Willingen"]
[Date "2006.06.04"]
[Round "2.36"]
[White "Hauffen, Franziska"]
[Black "Grzeca, Carmen"]
[Result "1-0"]
[WhiteElo "1084"]
[BlackElo "858"]
[PlyCount "105"]
[EventDate "2006.??.??"]
[EventType "swiss"]
[EventRounds "11"]
[EventCountry "GER"]

1. e4 e5 2. Nf3 Nc6 3. Bc4 Bc5 4. c3 Nf6 5. d4 exd4 6. cxd4 Bb4+ 7. Bd2 Nxe4 8.
Bxb4 Nxb4 9. Bxf7+ Kxf7 10. Qb3+ Ke8 11. Qxb4 d6 12. O-O Qf6 13. d5 Qg6 14. Re1
Kd8 15. Qxe4 Re8 16. Qh4+ Qf6 17. Qxf6+ gxf6 18. Rxe8+ Kxe8 19. Nc3 Kf7 20. h3
c5 21. dxc6 bxc6 22. Re1 Rb8 23. b3 Ba6 24. Ne4 d5 25. Nd6+ Kg6 26. g4 Rd8 27.
Nh4+ Kg5 28. Nf7+ Kxh4 29. Nxd8 Kxh3 30. Re7 Kxg4 31. Rxa7 Bd3 32. Rc7 h5 33.
Rg7+ Kf3 34. Nxc6 h4 35. a4 Ba6 36. b4 h3 37. Rg3+ Ke4 38. Rxh3 Bb7 39. Rh4+
Kd3 40. b5 Kc3 41. a5 d4 42. Nxd4 Kb4 43. a6 Ba8 44. b6 Ka5 45. b7 Bxb7 46.
axb7 Kb6 47. b8=Q+ Kc5 48. Qd8 Kc4 49. Ne2+ Kb5 50. Nc3+ Kc6 51. Rc4+ Kb7 52.
Qc7+ Ka6 53. Ra4# 1-0

[Event "DEM U10"]
[Site "Willingen"]
[Date "2006.06.04"]
[Round "2.37"]
[White "Schulze, Tabea"]
[Black "Rahimi, Rozafa"]
[Result "0-1"]
[WhiteElo "869"]
[BlackElo "1082"]
[PlyCount "102"]
[EventDate "2006.??.??"]
[EventType "swiss"]
[EventRounds "11"]
[EventCountry "GER"]

1. e4 d5 2. Nc3 Nf6 3. d3 dxe4 4. dxe4 Qxd1+ 5. Nxd1 Nxe4 6. Nf3 Nc6 7. Bb5 Bd7
8. O-O O-O-O 9. Nc3 Nxc3 10. bxc3 g6 11. Rd1 Bg7 12. Bb2 a6 13. Bxc6 Bxc6 14.
Rxd8+ Rxd8 15. Ng5 f6 16. Nxh7 Rh8 17. Nxf6 Bxf6 18. Rb1 Rd8 19. h3 Rd2 20. Rc1
Be4 21. Ba3 Bxc2 22. Re1 Rd1 23. Rxd1 Bxd1 24. g4 e6 25. f4 Bxc3 26. Kh2 Bc2
27. g5 Bb1 28. h4 Bxa2 29. Kg3 Be1+ 30. Kg4 Bc4 31. h5 Be2+ 32. Kh3 Bxh5 33.
Be7 Kd7 34. Bf6 a5 35. Kg2 Be2 36. Kg1 a4 37. f5 exf5 38. Kh2 a3 39. Kg1 a2 40.
Kh2 Bh4 41. Kh3 Bxg5 42. Bb2 Bc1 43. Bh8 b5 44. Kh4 b4 45. Kg3 b3 46. Kg2 b2
47. Kg1 Be3+ 48. Kg2 b1=Q 49. Kg3 Qg1+ 50. Kh3 Bf4 51. Be5 Bg4+ 0-1

[Event "DEM U10"]
[Site "Willingen"]
[Date "2006.06.04"]
[Round "2.38"]
[White "Hellwig, Immo"]
[Black "Schreiber, Justina"]
[Result "0-1"]
[WhiteElo "1074"]
[BlackElo "855"]
[PlyCount "56"]
[EventDate "2006.??.??"]
[EventType "swiss"]
[EventRounds "11"]
[EventCountry "GER"]

1. e4 b6 2. d4 e6 3. Nc3 Bb7 4. Bd3 Nf6 5. Bg5 h6 6. Bh4 Be7 7. Nf3 O-O 8. O-O
d5 9. Bxf6 Bxf6 10. e5 Be7 11. Nd2 Nd7 12. Qg4 f5 13. Qh3 Bb4 14. Rfe1 Qg5 15.
Rad1 Qg4 16. Qf3 Qxf3 17. Nxf3 c5 18. Bb5 Rad8 19. Rd3 Nb8 20. Rde3 f4 21. R3e2
Nc6 22. Na4 a6 23. Bxc6 Bxc6 24. Nxb6 Bb5 25. c4 dxc4 26. Rd1 cxd4 27. Rxd4 c3
28. Re1 Bc5 0-1

[Event "DEM U10"]
[Site "Willingen"]
[Date "2006.06.04"]
[Round "2.39"]
[White "Bajorski, Maria Sophie"]
[Black "Takeuchi, Eiki"]
[Result "0-1"]
[WhiteElo "818"]
[BlackElo "1065"]
[PlyCount "132"]
[EventDate "2006.??.??"]
[EventType "swiss"]
[EventRounds "11"]
[EventCountry "GER"]

1. d4 d5 2. c4 e6 3. Nc3 Nf6 4. Bg5 Bb4 5. a3 Bxc3+ 6. bxc3 O-O 7. e3 h6 8. Bh4
c6 9. Bd3 Qa5 10. Ne2 Nbd7 11. O-O Qc7 12. Bg3 Qa5 13. Rb1 Qxa3 14. c5 Qa5 15.
Qc2 Re8 16. Rb2 Qd8 17. Ra1 Qe7 18. Bd6 Qd8 19. Rba2 a6 20. Qb3 e5 21. Bf5 e4
22. Nf4 Kh8 23. Bh3 g5 24. Ne2 g4 25. Kh1 Kh7 26. Qd1 Rg8 27. Nf4 gxh3 28. gxh3
Ne8 29. Qh5 Nxd6 30. cxd6 Rg7 31. Re2 Qg5 32. Qxg5 Rxg5 33. Ree1 Nb6 34. h4 Rg8
35. Rab1 Nc4 36. Rg1 Rxg1+ 37. Rxg1 Bf5 38. h3 Rg8 39. Ng2 Bxh3 40. Kh2 Bxg2
41. Rxg2 Rxg2+ 42. Kxg2 Nxd6 43. Kg3 Kg6 44. Kg4 h5+ 45. Kf4 f6 46. f3 exf3 47.
Kxf3 Kf5 48. Ke2 Ne4 49. Kd3 Kg4 50. Ke2 Nxc3+ 51. Kd2 Ne4+ 52. Ke2 Kg3 53. Kd3
Kf3 54. Kc2 Kxe3 55. Kd1 f5 56. Ke1 f4 57. Kd1 f3 58. Ke1 Nc3 59. Kf1 Ne2 60.
Ke1 f2+ 61. Kf1 Nxd4 62. Kg2 Ke2 63. Kh1 Nf5 64. Kg2 f1=Q+ 65. Kh2 Qf2+ 66. Kh1
Ng3# 0-1

[Event "DEM U10"]
[Site "Willingen"]
[Date "2006.06.04"]
[Round "2.40"]
[White "Holle, Cedric"]
[Black "Michalik, Marina"]
[Result "1-0"]
[WhiteElo "1049"]
[BlackElo "834"]
[PlyCount "109"]
[EventDate "2006.??.??"]
[EventType "swiss"]
[EventRounds "11"]
[EventCountry "GER"]

1. e4 e5 2. Nf3 Nc6 3. Bc4 Nf6 4. Ng5 d5 5. exd5 Na5 6. Bb5+ c6 7. dxc6 bxc6 8.
Qf3 Bb7 9. Ba4 Bd6 10. O-O O-O 11. Nc3 h6 12. Nge4 Nxe4 13. Nxe4 c5 14. d3 Be7
15. Qg3 Bxe4 16. dxe4 Qd6 17. Be3 Rfd8 18. Bb3 Rab8 19. Bd5 Nc6 20. f4 exf4 21.
Bxf4 Qd7 22. Bxc6 Qxc6 23. Bxb8 Qxe4 24. Bc7 Rd2 25. Rae1 Qd4+ 26. Qe3 Qxe3+
27. Rxe3 Bf6 28. Re8+ Kh7 29. h3 Rxc2 30. Be5 Re2 31. Rf5 Bh4 32. Rxf7 Kg6 33.
Rxg7+ Kf5 34. Rg4 Bg5 35. Kf1 Rxe5 36. Rxe5+ Kxe5 37. Ra4 Bc1 38. Ra5 Kd4 39.
Ke1 Bxb2 40. Rxa7 c4 41. Ra4 Kd3 42. Ra8 c3 43. Rd8+ Kc2 44. a4 Kb1 45. Rd1+
Ka2 46. a5 c2 47. a6 Bd4 48. Rc1 Kb2 49. Kd2 Bc3+ 50. Kd3 Kxc1 51. a7 Kd1 52.
a8=Q c1=Q 53. Qa4+ Ke1 54. Qe4+ Kd1 55. Qe2# 1-0

[Event "DEM U10"]
[Site "Willingen"]
[Date "2006.06.04"]
[Round "2.41"]
[White "Klemm, Lisa-Marie"]
[Black "Spiegelberg, Silvia"]
[Result "0-1"]
[WhiteElo "795"]
[BlackElo "1046"]
[PlyCount "62"]
[EventDate "2006.??.??"]
[EventType "swiss"]
[EventRounds "11"]
[EventCountry "GER"]

1. e4 e5 2. Nf3 Nc6 3. Bc4 Nf6 4. Nc3 Bc5 5. d3 O-O 6. Bg5 d6 7. h3 h6 8. Bh4
Be6 9. Bb3 Bxb3 10. axb3 Re8 11. Nd5 g5 12. Bg3 Nxd5 13. exd5 Nd4 14. Nxd4
exd4+ 15. Qe2 Rxe2+ 16. Kxe2 Qe7+ 17. Kf1 Re8 18. c3 Qe2+ 19. Kg1 Qxb2 20. Rf1
Qxc3 21. f3 Qxd3 22. b4 Bxb4 23. Bf2 Qc3 24. Kh2 d3 25. Rc1 Qb2 26. Rhf1 Bc5
27. Bxc5 dxc5 28. Rb1 Qd4 29. g4 Re2+ 30. Kh1 Qf4 31. Rxb7 Qh2# 0-1

[Event "DEM U10"]
[Site "Willingen"]
[Date "2006.06.04"]
[Round "2.42"]
[White "Hirschmann, Jakob"]
[Black "Berger, Nadja"]
[Result "0-1"]
[WhiteElo "1042"]
[BlackElo "801"]
[PlyCount "86"]
[EventDate "2006.??.??"]
[EventType "swiss"]
[EventRounds "11"]
[EventCountry "GER"]

1. e4 c5 2. Bc4 Nc6 3. Nf3 g6 4. b3 Bg7 5. Nc3 e6 6. Bb2 Nge7 7. Na4 O-O 8.
Bxg7 Kxg7 9. Nxc5 Qa5 10. Nd3 d5 11. exd5 exd5 12. b4 Nxb4 13. Bb3 Nxd3+ 14.
cxd3 Bf5 15. Bc2 Qc5 16. O-O Rac8 17. Rc1 Qa3 18. Re1 Nc6 19. Re3 Nb4 20. d4
Qb2 21. Bxf5 Rxc1 22. Qxc1 Qxc1+ 23. Re1 Qa3 24. Bb1 Nxa2 25. Bxa2 Qxa2 26. h3
Qc4 27. g4 Qd3 28. Kg2 b5 29. Re3 Qb1 30. Re1 Qc2 31. Re2 b4 32. Ne1 Qa2 33.
Kf3 b3 34. d3 Qxe2+ 35. Kxe2 b2 36. Kf3 b1=Q 37. Kg2 Qxe1 38. h4 Re8 39. h5 Re2
40. h6+ Kg8 41. g5 Qxf2+ 42. Kh3 Re3+ 43. Kg4 Qg3# 0-1

[Event "DEM U10"]
[Site "Willingen"]
[Date "2006.06.04"]
[Round "2.43"]
[White "Schrötter, Luisa"]
[Black "Neumann, Florian"]
[Result "1-0"]
[WhiteElo "748"]
[BlackElo "1037"]
[PlyCount "37"]
[EventDate "2006.??.??"]
[EventType "swiss"]
[EventRounds "11"]
[EventCountry "GER"]

1. e4 d5 2. exd5 Qxd5 3. Nc3 Qa5 4. h3 Nf6 5. Nf3 Nc6 6. Bc4 e5 7. d3 Bb4 8.
Bd2 Bf5 9. a3 Bxc3 10. Bxc3 Qc5 11. O-O O-O-O 12. Bxf7 e4 13. Ng5 exd3 14. cxd3
Rxd3 15. Qe1 Rd6 16. Rd1 Rhd8 17. Rxd6 Rxd6 18. b4 Bd3 19. bxc5 1-0

[Event "DEM U10"]
[Site "Willingen"]
[Date "2006.06.04"]
[Round "2.44"]
[White "Scholz, Andre"]
[Black "Garbere, Diana"]
[Result "1-0"]
[WhiteElo "1034"]
[BlackElo "769"]
[PlyCount "73"]
[EventDate "2006.??.??"]
[EventType "swiss"]
[EventRounds "11"]
[EventCountry "GER"]

1. e4 e5 2. f4 Bc5 3. Nf3 d6 4. d4 exd4 5. Nxd4 Qh4+ 6. g3 Qe7 7. Bg2 Qf6 8.
Be3 Qe7 9. O-O Nf6 10. Re1 O-O 11. Qd3 Ng4 12. h3 b6 13. hxg4 Bxg4 14. Nf5 Qf6
15. Nc3 Qg6 16. Ne7+ Kh8 17. Nxg6+ fxg6 18. Qd5 c6 19. Qg5 h6 20. Qxg4 d5 21.
exd5 cxd5 22. Bxd5 Nc6 23. Bxc6 Rac8 24. Qxg6 Rf6 25. Qe4 Rcxc6 26. Nd5 Rce6
27. Nxf6 Rxe4 28. Nxe4 Bb4 29. c3 Be7 30. Rad1 Kg8 31. Rd7 Bf8 32. Rd8 Kh7 33.
Rxf8 g5 34. Bd4 gxf4 35. gxf4 a5 36. f5 h5 37. Rh8# 1-0

[Event "DEM U10"]
[Site "Willingen"]
[Date "2006.06.04"]
[Round "3.1"]
[White "Abdelrasek, Ahmed"]
[Black "Osmanodja, Filiz"]
[Result "1-0"]
[WhiteElo "1418"]
[BlackElo "1609"]
[PlyCount "137"]
[EventDate "2006.??.??"]
[EventType "swiss"]
[EventRounds "11"]
[EventCountry "GER"]

1. d4 Nf6 2. Nf3 g6 3. c3 d5 4. e3 Bg7 5. Bd3 b6 6. Nbd2 c5 7. O-O O-O 8. Re1
Nc6 9. Qe2 Nd7 10. h3 e5 11. dxe5 Ndxe5 12. Nxe5 Nxe5 13. Bc2 Bb7 14. Nb3 Qd7
15. Bd2 Rad8 16. Rad1 Qc6 17. f3 Nc4 18. Bc1 Rfe8 19. e4 Qc7 20. Qf1 Qc8 21.
exd5 Rxe1 22. Rxe1 Bxd5 23. Be4 Be6 24. Rd1 Nd6 25. Bc2 Nf5 26. Rxd8+ Qxd8 27.
Qd3 Qxd3 28. Bxd3 c4 29. Bxf5 Bxf5 30. Nd4 Bb1 31. a3 Kf8 32. Kf2 Ke8 33. Nb5
a5 34. Nd6+ Kf8 35. Nxc4 b5 36. Nxa5 Ke7 37. Nc6+ Kd6 38. Nd4 Ke5 39. Ke3 Kd5
40. Bd2 Kc5 41. Nb3+ Kd5 42. Na5 Bf8 43. Nb7 Be7 44. Ke2 Ba2 45. Kd1 Kc6 46.
Na5+ Kb6 47. c4 bxc4 48. Kc2 Bf6 49. b3 cxb3+ 50. Nxb3 Kb5 51. Bc3 Bxc3 52.
Kxc3 Ka4 53. Nc1 Kxa3 54. Nxa2 Kxa2 55. f4 Kb1 56. g4 Kc1 57. f5 Kd1 58. Kd3
Ke1 59. Ke3 Kf1 60. Kf3 Kg1 61. Kg3 Kf1 62. f6 Ke2 63. Kf4 Kd3 64. Kg5 Ke4 65.
Kh6 Ke5 66. Kg7 Ke6 67. g5 Kd7 68. Kxf7 Kd8 69. Kg7 1-0

[Event "DEM U10"]
[Site "Willingen"]
[Date "2006.06.04"]
[Round "3.2"]
[White "Möhn, Hans"]
[Black "Eigemann, Frederik"]
[Result "1-0"]
[WhiteElo "1580"]
[BlackElo "1372"]
[PlyCount "101"]
[EventDate "2006.??.??"]
[EventType "swiss"]
[EventRounds "11"]
[EventCountry "GER"]

1. e4 e6 2. d4 d5 3. Nc3 Bb4 4. e5 c5 5. a3 Bxc3+ 6. bxc3 Ne7 7. f4 Nbc6 8. Nf3
Qa5 9. Bd2 c4 10. Be2 Bd7 11. O-O h6 12. Qe1 Nf5 13. g4 Nfe7 14. Nh4 Rc8 15. f5
exf5 16. gxf5 g5 17. fxg6 Nxg6 18. Nxg6 fxg6 19. Qf2 Bf5 20. e6 Qc7 21. Qg2
Bxe6 22. Qxg6+ Bf7 23. Qf6 Rg8+ 24. Kh1 Rg6 25. Qh4 Qd8 26. Qxd8+ Nxd8 27. Rg1
Rcc6 28. Rxg6 Bxg6 29. Re1 Re6 30. Bf3 Rxe1+ 31. Bxe1 Bf7 32. Bd2 h5 33. Kg2
Kf8 34. Kg3 Kg7 35. Kh4 Kh7 36. Bxh5 Bxh5 37. Kxh5 Ne6 38. Kg4 Kg6 39. h4 Nc7
40. h5+ Kh7 41. Kf5 Nb5 42. a4 Na3 43. Ke5 Nxc2 44. Kxd5 Na3 45. Bc1 Nb1 46.
Kxc4 a6 47. Kb3 b5 48. axb5 axb5 49. Kb2 Nxc3 50. Kxc3 b4+ 51. Kxb4 1-0

[Event "DEM U10"]
[Site "Willingen"]
[Date "2006.06.04"]
[Round "3.3"]
[White "Carmesin, Matthias"]
[Black "Noe, Christopher"]
[Result "1/2-1/2"]
[WhiteElo "1379"]
[BlackElo "1555"]
[PlyCount "47"]
[EventDate "2006.??.??"]
[EventType "swiss"]
[EventRounds "11"]
[EventCountry "GER"]

1. e4 e5 2. Nf3 Nc6 3. Bb5 Bc5 4. O-O d6 5. c3 Bd7 6. d4 exd4 7. cxd4 Bb6 8.
Be3 Nge7 9. Nc3 a6 10. Ba4 O-O 11. a3 Ng6 12. Bc2 Bg4 13. Ne2 h6 14. Ng3 Qf6
15. Nf5 Bxf5 16. exf5 Nge7 17. Qd3 Nd5 18. Rad1 Rfe8 19. Rfe1 Rad8 20. Bb3 Nce7
21. Bc2 Nc6 22. Bb3 Nce7 23. Bc2 Nc6 24. Bb3 1/2-1/2

[Event "DEM U10"]
[Site "Willingen"]
[Date "2006.06.04"]
[Round "3.4"]
[White "Große, Christian"]
[Black "Moritz, Aron"]
[Result "1-0"]
[WhiteElo "1552"]
[BlackElo "1237"]
[PlyCount "81"]
[EventDate "2006.??.??"]
[EventType "swiss"]
[EventRounds "11"]
[EventCountry "GER"]

1. e4 c5 2. Nf3 d6 3. d4 cxd4 4. Nxd4 a6 5. c4 Nf6 6. Nc3 Qc7 7. Be2 Nc6 8. Be3
Ne5 9. Rc1 Bg4 10. f3 Bd7 11. Qd2 e6 12. O-O Be7 13. Kh1 O-O 14. f4 Nc6 15. b3
Nxd4 16. Bxd4 Bc6 17. Bf3 Rfd8 18. Nd5 Bxd5 19. cxd5 Qd7 20. e5 dxe5 21. fxe5
Nxd5 22. Qf2 Rf8 23. Qg3 Kh8 24. Rcd1 Qb5 25. Be4 Rad8 26. Qh3 h6 27. Qh5 Qe8
28. Qg4 Bg5 29. Rf3 f5 30. exf6 Nxf6 31. Rxf6 Bxf6 32. Bc5 Rxd1+ 33. Qxd1 Rg8
34. Qc2 Qb5 35. Bd3 Qa5 36. b4 Qc7 37. Qe2 Re8 38. Qe4 g5 39. Qg6 Rf8 40. Qxh6+
Kg8 41. Qxf8# 1-0

[Event "DEM U10"]
[Site "Willingen"]
[Date "2006.06.04"]
[Round "3.5"]
[White "Kyas, Philipp"]
[Black "Gamisch, Laura"]
[Result "1-0"]
[WhiteElo "1506"]
[BlackElo "1226"]
[PlyCount "115"]
[EventDate "2006.??.??"]
[EventType "swiss"]
[EventRounds "11"]
[EventCountry "GER"]

1. d4 g6 2. Nf3 Bg7 3. Bf4 d6 4. e3 c5 5. c4 b6 6. Nc3 Nf6 7. h3 O-O 8. d5 Ba6
9. Be2 Qd7 10. O-O Rd8 11. Re1 Nh5 12. Bh2 e5 13. dxe6 Qxe6 14. Ng5 Qf5 15.
Nge4 Bxc3 16. Nxc3 Bb7 17. Bxh5 gxh5 18. Nd5 Qg5 19. Bf4 Qg7 20. Qxh5 Na6 21.
Qg5 Bxd5 22. Qxg7+ Kxg7 23. cxd5 Nb4 24. Red1 Kg6 25. a3 Na6 26. f3 Kf5 27. Kf2
Nc7 28. h4 h5 29. Bg5 f6 30. Bf4 Rd7 31. Rd2 Rg8 32. Bh2 Rdg7 33. e4+ Kg6 34.
Bxd6 Nb5 35. Bf4 Kh7 36. Rg1 Nd4 37. Rd3 Re7 38. a4 a6 39. Be3 Nc2 40. Rb3 Nxe3
41. Kxe3 f5 42. Rxb6 fxe4 43. Re6 Rb7 44. d6 exf3 45. Kxf3 Rb3+ 46. Ke4 Rg4+
47. Kd5 Rxb2 48. d7 c4 49. Rd1 Rgxg2 50. Kc6 Rbd2 51. Rxd2 Rxd2 52. Rd6 Rg2 53.
d8=Q c3 54. Qc7+ Rg7 55. Rd7 c2 56. Rxg7+ Kh6 57. Rh7+ Kg6 58. Qf7# 1-0

[Event "DEM U10"]
[Site "Willingen"]
[Date "2006.06.04"]
[Round "3.6"]
[White "Lebeda, Timo"]
[Black "Weber, Clemens"]
[Result "0-1"]
[WhiteElo "1496"]
[BlackElo "1174"]
[PlyCount "98"]
[EventDate "2006.??.??"]
[EventType "swiss"]
[EventRounds "11"]
[EventCountry "GER"]

1. e4 c5 2. d4 cxd4 3. c3 dxc3 4. Nxc3 Nc6 5. Nf3 e6 6. Bc4 d6 7. Bf4 a6 8. O-O
b5 9. Bb3 Ra7 10. Qe2 Rd7 11. Rfd1 Be7 12. Rac1 Bb7 13. Rd2 Nf6 14. Rcd1 O-O
15. e5 dxe5 16. Rxd7 Nxd7 17. Bxe5 Qc8 18. Bd6 Bxd6 19. Rxd6 Qc7 20. Qd2 Nc5
21. Bc2 Nb4 22. Bb1 Nd5 23. Qc2 g6 24. Rxd5 exd5 25. Ne2 Rc8 26. h3 Ne4 27. Qd3
Qc4 28. Qe3 Qc5 29. Ned4 Qc1+ 30. Kh2 Qxb1 31. Ng5 Nxg5 32. Qxg5 Qxb2 33. Qh4
Qxa2 34. Nf3 Qc4 35. Qe7 Qf4+ 36. Kh1 Qc1+ 37. Kh2 Qc7+ 38. Qxc7 Rxc7 39. Nd4
b4 40. Kg3 a5 41. Kf3 a4 42. Ke3 a3 43. Nb3 Rc3+ 44. Kd2 Rxb3 45. Kc2 Rb2+ 46.
Kc1 b3 47. g4 Rxf2 48. g5 a2 49. h4 a1=Q# 0-1